Normal view MARC view
  • power system analysis

Entry Topical Term

Number of records used in: 4

001 - CONTROL NUMBER

  • control field: 101069

003 - CONTROL NUMBER IDENTIFIER

  • control field: NUST

005 - DATE AND TIME OF LATEST TRANSACTION

  • control field: 20221020194054.0

008 - FIXED-LENGTH DATA ELEMENTS

  • fixed length control field: 221020|| aca||aabn | a|a d

040 ## - CATALOGING SOURCE

  • Original cataloging agency: NUST
  • Transcribing agency: NUST

150 ## - HEADING--TOPICAL TERM

  • Topical term or geographic name entry element: power system analysis

670 ## - SOURCE DATA FOUND

  • Source citation: Work cat.: (NUST)190551: Bergen, Arthur R. 83272, Power system analysis, 2000.
© 2023 Central Library, National University of Sciences and Technology. All Rights Reserved.